| 000 | 00831nam a2200253 a 4500 | ||
|---|---|---|---|
| 001 | 000013390 | ||
| 005 | 20200929163220.0 | ||
| 008 | 091123s1996 sp 000 f spa d | ||
| 020 | _a8408012428 | ||
| 040 |
_aDO-SdBNP _bspa _cBNPHU |
||
| 041 | 1 | 7 |
_aspa _heng _2Código de idioma MARC |
| 082 |
_a813.5 _bG869t, 1996 |
||
| 100 | 1 |
_aGrisham, John, _d1955- _910906 |
|
| 240 | 1 | 2 |
_aA time to kill, _lespañol |
| 245 | 1 | 0 |
_aTiempo de matar : _bhistoria de una vengaza / _cJohn Grisham ; traductor, Enric Tremps. |
| 250 | _a7a. ed. | ||
| 260 |
_aBarcelona : _bPlaneta, _c1996. |
||
| 300 |
_a472 p. ; _c24 cm. |
||
| 534 |
_pTítulo original en inglés: _tA time to kill, _c1989 |
||
| 650 | 4 |
_aNovela estadounidense _9262 |
|
| 650 | 4 |
_aLiteratura estadounidense _ySIGLO XX _96874 |
|
| 700 | 1 |
_aTremps, Enric, _etr. _910907 |
|
| 049 | _aBNGR | ||
| 999 |
_c13016 _d13016 |
||